Women’s "retrieval" from Pakistan: "India’s daughters" and the emotional history of partition

Saved in:
Bibliographic Details
Main Author: Dandekar, Deepra (Author)
Format: Article (Journal)
Language:English
Published: 23 Aug 2021
In: South Asia
Year: 2021, Volume: 44, Issue: 4, Pages: 1-18
ISSN:1479-0270
Online Access:Verlag: https://www.tandfonline.com/doi/full/10.1080/00856401.2021.1957594
Get full text
Author Notes:Deepra Dandekar

MARC

LEADER 00000caa a2200000 c 4500
001 1770905723
003 DE-627
005 20260330132640.0
007 cr uuu---uuuuu
008 210917s2021 xxk|||||o 00| ||eng c
024 7 |a 10.1080/00856401.2021.1957594  |2 doi 
035 |a (DE-627)1770905723 
035 |a (DE-599)KXP1770905723 
040 |a DE-627  |b ger  |c DE-627  |e rda 
041 |a eng 
044 |c XA-GB  |c XE-AU 
084 |a 63  |2 sdnb 
100 1 |a Dandekar, Deepra  |e VerfasserIn  |0 (DE-588)1070237817  |0 (DE-627)823403998  |0 (DE-576)429885067  |4 aut 
245 1 0 |a Women’s "retrieval" from Pakistan  |b "India’s daughters" and the emotional history of partition  |c Deepra Dandekar 
264 1 |c 23 Aug 2021 
300 |a 18 
336 |a Text  |b txt  |2 rdacontent 
337 |a Computermedien  |b c  |2 rdamedia 
338 |a Online-Ressource  |b cr  |2 rdacarrier 
773 0 8 |i Enthalten in  |t South Asia  |d London [u.a.] : Routledge, Taylor & Francis Group, 1971  |g 44(2021), 4, Seite 1-18  |h Online-Ressource  |w (DE-627)372547133  |w (DE-600)2124449-2  |w (DE-576)11371081X  |x 1479-0270  |7 nnas  |a Women’s "retrieval" from Pakistan "India’s daughters" and the emotional history of partition 
773 1 8 |g volume:44  |g year:2021  |g number:4  |g pages:1-18  |g extent:18  |a Women’s "retrieval" from Pakistan "India’s daughters" and the emotional history of partition 
856 4 0 |u https://www.tandfonline.com/doi/full/10.1080/00856401.2021.1957594  |x Verlag  |7 1 
951 |a AR 
992 |a 20260330 
993 |a Article 
994 |a 2021 
998 |g 1070237817  |a Dandekar, Deepra  |m 1070237817:Dandekar, Deepra  |d 910000  |d 950000  |d 950950  |e 910000PD1070237817  |e 950000PD1070237817  |e 950950PD1070237817  |k 0/910000/  |k 1/910000/950000/  |k 2/910000/950000/950950/  |p 1  |x j  |y j 
999 |a KXP-PPN1770905723  |e 4945568820 
BIB |a Y 
SER |a journal 
JSO |a {"title":[{"subtitle":"\"India’s daughters\" and the emotional history of partition","title":"Women’s \"retrieval\" from Pakistan","title_sort":"Women’s \"retrieval\" from Pakistan"}],"person":[{"family":"Dandekar","given":"Deepra","role":"aut","display":"Dandekar, Deepra"}],"language":["eng"],"relHost":[{"language":["eng"],"title":[{"title_sort":"South Asia","title":"South Asia","subtitle":"journal of South Asian studies"}],"id":{"eki":["372547133"],"zdb":["2124449-2"],"issn":["1479-0270"]},"disp":"Women’s \"retrieval\" from Pakistan \"India’s daughters\" and the emotional history of partitionSouth Asia","origin":[{"publisher":"Routledge, Taylor & Francis Group ; Assoc. ; Carfax","dateIssuedDisp":"1971-","publisherPlace":"London [u.a.] ; [Nedlands] ; London [u.a.]","dateIssuedKey":"1971"}],"note":["Gesehen am 13.09.11"],"corporate":[{"display":"South Asian Studies Association of Australia and New Zealand","role":"isb"}],"type":{"media":"Online-Ressource","bibl":"periodical"},"pubHistory":["1.1971 - 6.1976; [N.S.] 1.1978 -"],"name":{"displayForm":["South Asian Studies Association of Australia"]},"physDesc":[{"extent":"Online-Ressource"}],"part":{"text":"44(2021), 4, Seite 1-18","pages":"1-18","volume":"44","year":"2021","extent":"18","issue":"4"},"recId":"372547133"}],"origin":[{"dateIssuedKey":"2021","dateIssuedDisp":"23 Aug 2021"}],"recId":"1770905723","id":{"doi":["10.1080/00856401.2021.1957594"],"eki":["1770905723"]},"physDesc":[{"extent":"18 S."}],"name":{"displayForm":["Deepra Dandekar"]},"type":{"bibl":"article-journal","media":"Online-Ressource"}} 
SRT |a DANDEKARDEWOMENSRETR2320